000 00809nam a2200289Ia 4500
001 349
003 IT-RoPAU
008 130308s9999 xx 000 0 und d
040 _aIT-RoPAU
040 _cIT-RoPAU
041 _aITALIANO
100 _aLista Giovanni
100 _gCodice Aut. SPICS: 4587
245 _aCara Lea Vergine
245 _bAltra Meta' dell'avanguardia (L'): 1910-1940-Pittrici e scultrici Nei movimenti delle Avanguardie Storiche
250 _a1a ed.
260 _aMILANO
260 _bMazzotta
260 _c1980 [1° Ed.:1980 - Ed.Ling.Originale:1980]
300 _a"14 p. (prefazione: no ; testo: 14 [pagine: 18-31])"
650 _aSTORIA DELLE ARTI VISIVE
650 _eCodice materia Spics: 5008
942 _cBK
957 _71
999 _c47109
_d47109
999 _bSI
999 _g1